Národný aktív knihovníkov ROH (Žďár nad Sázavou, máj 1973)

Podrobná bibliografia
Hlavný autor: Šikurová, Alojzia (Autor)
Médium: Článok
Jazyk:slovenčina
Predmet:

MARC

LEADER 00000nab a2200000 a 4500
001 vtls010068477
003 SK-MaSNL
005 20260304155654.0
008 250507c1973 xo m p 0 slo
015 |a SNBRB2010/02  |2 snkbucl 
035 |a (uuid)7d0e0d0f-ff71-4aed-ad92-2e5162c11dd8 
035 |a urn:nbn:sk:snk-abc5o6 
035 |a (urnnbn)urn:nbn:sk:snk:ar-000orn 
040 |a SNKBUCL  |b slo  |c SNKBUCL  |e AACR2 
041 0 |a slo 
044 |a xo  |c SK 
080 |a 027.64  |x (437.6)  |2 2001 
080 |a 061.3  |2 2001 
100 1 |a Šikurová, Alojzia  |4 aut  |9 5445 
245 1 0 |a Národný aktív knihovníkov ROH  |b (Žďár nad Sázavou, máj 1973)  |c Alojzia Šikurová 
650 0 7 |a odborárske knižnice  |2 snkbucl  |9 124420 
655 7 |a aktívy  |2 snkbucl  |9 1481581 
773 0 |t Čitateľ  |g Roč. 22, č. 9 (1973), s. 332 
850 |a Slovenská národná knižnica 
852 |a Slovenská národná knižnica 
954 |a odborná, vedecká literatúra pôvodná (slovenská)  |2 lita 
958 |a article15 
958 |a OND 
958 |a KL 
958 |a SK 
958 |a EUIPO 
999 |c 2963734  |d 2965664